1322 1013 1855 1195 1552 1533 1541 1910 1599 1993 1772 1214 1270 1177 1390 1021 1676 1676 1381 1171 1961 1044 1569 1826 1855 1185 1167 1002 1297 1769 1746 1399 1825 1953 1948 1138 1829 1409 1136 1567 1052 1617 1151 1658 1799 1135 1216 1967 1611 1247 1043 1467 1568 1270 1110 1695 1589 1382 1932 1188 1466 1275 1859 1724 1161 1028 1356 1077 1371 1628 1184 1643 1636 1512 1064 1298 1024 1212 1815 1353 1907 1180 1877 1186 1605 1728 1137 1561 1395 1341 1775 1991 1211 1682 1138 1001 1416 1307 1438 BCNSPRNW ULIB Ver.6.0+V

เปลี่ยนเป็นภาษาไทย

Change to English
 แสดงรายละเอียดบรรณานุกรม
  กลับหน้าหลัก

Brief Record : Get Marc (ISO 2709) : E-mail record : QR code < ปิดหน้าต่าง
LEADER : 00000nam 2200000uu 4500
001    13399110397
003     ULIB
008    110504s2011||||th 000 0 eng d
020    9780323057325
060 04 WY100^bF771 2011
245 00 Foundations of nursing /^cedited by Barbara LauritsenChristensen, Elaine Oden Kockrow
250    6th ed.
260    St. Louis :^bMosby,^cc2011
300    xxi, 1004 p. :^bill. ;^c28 cm.
650  2 Nursing
700 1  Christensen, Barbara Lauritsen,^eed.
700 1  Kockrow, Elaine Oden,^eed.
945    ^p0^l0^i030073
995     Kesorn
999 ^a ใช้งานได้ทุกระบบ
รายการนี้ยังไม่มีแท็ก
คุณยังไม่ได้ล็อกอิน คุณสามารถมีกิจกรรมร่วมกับเว็บไซต์ได้ แต่ต้องล็อกอินก่อน ::
  ล็อกอิน

รายการสื่อสารสนเทศ

ลำดับที่ ประเภท เลขเรียก/บาร์โค้ด สถานที่ สถานะ
- ไม่พบข้อมูล -

รายการใกล้เคียง
    หัวเรื่อง [Nursing]

BibComment


ยังไม่เคยถูกคอมเมนท์

คอมเมนท์ทรัพยากรรายการนี้
  คอมเมนท์: Foundations of nu..


 Copyright 2026. Bcnsprnw @Library